| 000 | 00415nam a22001697a 4500 | ||
|---|---|---|---|
| 003 | MPLRDC | ||
| 005 | 20220104144451.0 | ||
| 008 | 210129b ||||| |||| 00| 0 eng d | ||
| 082 | _a857.27 PSL-14 v.1 | ||
| 100 | _a蒲松龄 | ||
| 245 |
_a聊斋志异. 上 _c |
||
| 250 | _a初版 | ||
| 260 |
_a _b海鸥出版公司 _c1976 |
||
| 300 | _b平 | ||
| 650 | _a小说--笔记; 异闻 | ||
| 942 |
_cBK _o857.27 PSL-14 v.1 |
||
| 999 |
_c49897 _d49887 |
||